00920nam a2200217 a 4500001001000000003000500010005001700015008004100032010001100073011001100084040000900095100003200104245019600136260004100332500006000373502006900433650004300502650003600545650005100581856007000632000115227CHAP20220329144524.0190115s2018 mx a sm |||||||spa d a111688 a112660 cCHAP1 aLandaverde Santiago, David.10aEstudio técnico financiero para el establecimiento de un beneficio seco de café en el municipio de San Juan Bautista Valle Nacional, Oaxaca /h[En línea]cpor David Landaverde Santiago. aChapingo, Méx. :bEl autor,c2018. aPara ver el contenido del material haga clic en la liga aTesis (Ing. Agr. Esp. en Suelos) -- UACH. Departamento de Suelos14aCaféxAspectos económicosxOaxaca.14aCaféxCostos de producción.14aOrganización de productoresxCapacitación. aFinding aiduhttp://10.13.5.2/tesis/sist115227.pdfzTeclea aquí